书目信息 |
| 题名: |
大数据时代图书馆信息系统的系统分析与设计
|
|
| 作者: | 曹祺 著 | |
| 分册: | ||
| 出版信息: | 武汉 武汉大学出版社 2020.05 |
|
| 页数: | 156页 | |
| 开本: | 26cm | |
| 丛书名: | ||
| 单 册: | ||
| 中图分类: | G250.7 | |
| 科图分类: | ||
| 主题词: | 图书馆--信息系统--研究 | |
| 电子资源: | ||
| ISBN: | 978-7-307-21475-0 | |
| 000 | 01132nam0 2200241 450 | |
| 001 | 0102100412 | |
| 005 | 20210402100819.0 | |
| 010 | @a978-7-307-21475-0@dCNY35.00 | |
| 100 | @a20200813d2020 em y0chiy50 ea | |
| 101 | 0 | @achi |
| 102 | @aCN@b420000 | |
| 105 | @aa z 000yy | |
| 106 | @ar | |
| 200 | 1 | @a大数据时代图书馆信息系统的系统分析与设计@Ada shu ju shi dai tu shu guan xin xi xi tong de xi tong fen xi yu she ji@dSystem analysis and design of library information system in the era of big data@f曹祺著@zeng |
| 210 | @a武汉@c武汉大学出版社@d2020.05 | |
| 215 | @a156页@c图@d26cm | |
| 330 | @a本书分析了在大数据时代背景下,图书馆信息系统的系统分析与设计,主要从系统架构、数据挖掘、系统查询语言、系统共享机制、系统可视化分析实践几个方面进行系统分析与设计,并提供了QQL语法表、QQL可视化查询系统,最后,基于现代的各项技术对下一代图书馆信息系统进行分析。 | |
| 510 | 1 | @aSystem analysis and design of library information system in the era of big data@zeng |
| 606 | 0 | @a图书馆@x信息系统@x研究 |
| 690 | @aG250.7@v5 | |
| 701 | 0 | @a曹祺@Acao qi@f(1988-)@4著 |
| 801 | 0 | @aCN@bBJSZM@c20210402 |
| 905 | @b1274570-4@dG250.7@e167@f5 | |
| 大数据时代图书馆信息系统的系统分析与设计=System analysis and design of library information system in the era of big data/曹祺著.-武汉:武汉大学出版社,2020.05 |
| 156页:图;26cm |
| ISBN 978-7-307-21475-0:CNY35.00 |
| 本书分析了在大数据时代背景下,图书馆信息系统的系统分析与设计,主要从系统架构、数据挖掘、系统查询语言、系统共享机制、系统可视化分析实践几个方面进行系统分析与设计,并提供了QQL语法表、QQL可视化查询系统,最后,基于现代的各项技术对下一代图书馆信息系统进行分析。 |
| ● |
| 相关链接 |
|
|
|
|
正题名:大数据时代图书馆信息系统的系统分析与设计
索取号:G250.7/167
 
预约/预借
| 序号 | 登录号 | 条形码 | 馆藏地/架位号 | 状态 | 备注 |
| 1 | 1274570 | 212745706 | 第一样本阅览室/ [索取号:G250.7/167] | 在馆 | |
| 2 | 1274571 | 212745715 | 教育系资料室/ [索取号:G250.7/167] | 在馆 | |
| 3 | 1274572 | 212745724 | 教育系资料室/ [索取号:G250.7/167] | 在馆 | |
| 4 | 1274573 | 212745733 | 第四借阅区/ [索取号:G250.7/167] | 在馆 | |
| 5 | 1274574 | 212745742 | 第四借阅区/ [索取号:G250.7/167] | 在馆 |